<?xml version="1.0" encoding="UTF-8"?>
<collection xmlns="http://www.loc.gov/MARC21/slim">
<record>
  <controlfield tag="001">310795</controlfield>
  <controlfield tag="005">20240928181556.0</controlfield>
  <datafield tag="035" ind1=" " ind2=" ">
    <subfield code="a">G:(GEPRIS)57628566</subfield>
  </datafield>
  <datafield tag="024" ind1="7" ind2=" ">
    <subfield code="a">G:(GEPRIS)57628566</subfield>
    <subfield code="d">57628566</subfield>
  </datafield>
  <datafield tag="040" ind1=" " ind2=" ">
    <subfield code="a">GEPRIS</subfield>
    <subfield code="c">http://gepris.its.kfa-juelich.de</subfield>
  </datafield>
  <datafield tag="150" ind1=" " ind2=" ">
    <subfield code="a">Qualitative Digitalisierung des handschriftlichen Nachlasses des Philosophen und Pädagogen Jonas Cohn (1869-1947)</subfield>
    <subfield code="y">2008 - 2012</subfield>
  </datafield>
  <datafield tag="371" ind1=" " ind2=" ">
    <subfield code="a">Salomon Ludwig Steinheim-Institut für Deutsch-jüdische Geschichte e.V.</subfield>
  </datafield>
  <datafield tag="450" ind1=" " ind2=" ">
    <subfield code="a">DFG project G:(GEPRIS)57628566</subfield>
    <subfield code="w">d</subfield>
    <subfield code="y">2008 - 2012</subfield>
  </datafield>
  <datafield tag="510" ind1="1" ind2=" ">
    <subfield code="a">Deutsche Forschungsgemeinschaft</subfield>
    <subfield code="0">I:(DE-588b)2007744-0</subfield>
    <subfield code="b">DFG</subfield>
  </datafield>
  <datafield tag="680" ind1=" " ind2=" ">
    <subfield code="a">Der handschriftliche Nachlass von Jonas Cohn (1869-1947), entstanden zwischen 1890 und 1947, ist in einem gefährdeten Zustand (Tintenfraß, trockenes und brüchiges Papier, Säureschäden), so dass Maßnahmen zu seiner Erhaltung und Sicherung dringend sind. Diese konservatorischen Arbeiten bilden die Voraussetzung für die weitere Nutzung und wissenschaftliche Aufbereitung des Archivs sowie die erneute Verbreitung des Gültigen im Werk Cohns. Da der Nachlass inhaltlich durchweg sehr hochwertig und vielseitig ist, soll der gesamte handschriftliche Teil qualitativ digitalisiert werden. Er wird in einer Datenbank mit Personen- und Sachregistern versehen, so dass er sowohl einer intensiven wissenschaftlichen Nutzung offen steht als auch mit Fachkollegen aus Philosophie und Pädagogik eine Auswahl-Edition des Nachlasses vorbereitet werden kann.</subfield>
  </datafield>
  <datafield tag="909" ind1="C" ind2="O">
    <subfield code="o">oai:juser.fz-juelich.de:977670</subfield>
    <subfield code="p">authority:GRANT</subfield>
    <subfield code="p">authority</subfield>
  </datafield>
  <datafield tag="980" ind1=" " ind2=" ">
    <subfield code="a">G</subfield>
  </datafield>
  <datafield tag="980" ind1=" " ind2=" ">
    <subfield code="a">AUTHORITY</subfield>
  </datafield>
  <datafield tag="909" ind1="C" ind2="O">
    <subfield code="o">oai:juser.fz-juelich.de:977670</subfield>
  </datafield>
</record>
</collection>